|
|
|
|
| LEADER |
00000cam a2200000 4500 |
| 001 |
vtls012072133 |
| 003 |
SK-MaSNL |
| 005 |
20260301230642.0 |
| 008 |
211007s2021 xo l frn 001 0 slo |
| 015 |
|
|
|a SNBA2023/04
|
| 020 |
|
|
|a 9788056108383
|q (viazané)
|
| 040 |
|
|
|a SNK
|b slo
|c SNK
|e rda
|
| 041 |
0 |
|
|a slo
|b eng
|
| 044 |
|
|
|a xo
|c SK
|
| 072 |
|
7 |
|a 81
|x Lingvistika. Jazyky
|2 konspekt
|
| 080 |
|
|
|a 81
|2 2011
|
| 080 |
|
|
|a 159.946.3
|2 2011
|
| 080 |
|
|
|a 159.955
|2 2011
|
| 080 |
|
|
|a 316.35
|2 2011
|
| 080 |
|
|
|a (048.8)
|2 2011
|
| 100 |
1 |
|
|a Labuda, Pavol,
|d 1977-
|4 aut
|9 114987
|
| 245 |
1 |
0 |
|a Aristotelova teória jazyka
|c Pavol Labuda
|
| 250 |
|
|
|a Prvé vydanie
|
| 264 |
|
1 |
|a Ružomberok
|b Verbum
|c 2021
|
| 300 |
|
|
|a 151 strán
|b schémy, tabuľky
|c 24 cm
|
| 336 |
|
|
|a text
|b txt
|2 rdacontent
|
| 337 |
|
|
|a bez média
|b n
|2 rdamedia
|
| 338 |
|
|
|a zväzok
|b nc
|2 rdacarrier
|
| 500 |
|
|
|a Obsahuje poznámky a zoznam skratiek citovaných diel Aristotela
|
| 504 |
|
|
|a Bibliografia na strane 133-144. Bibliografické odkazy. Registre
|
| 546 |
|
|
|a Anglické resumé
|
| 600 |
0 |
7 |
|a Aristoteles,
|d 384 pred Kr.-322 pred Kr.
|2 SNKMA
|9 186400
|
| 650 |
0 |
7 |
|a jazyk
|2 SNKPH
|9 22980
|
| 650 |
0 |
7 |
|a reč
|2 SNKPH
|9 2174
|
| 650 |
0 |
7 |
|a myslenie
|2 SNKPH
|9 1638
|
| 650 |
0 |
7 |
|a spoločenstvo
|2 SNKPH
|9 71501
|
| 650 |
0 |
7 |
|a teória jazyka
|2 SNKPH
|9 98903
|
| 650 |
0 |
7 |
|a Language
|2 SNKPHeng
|9 266532
|
| 650 |
0 |
7 |
|a Speech
|2 SNKPHeng
|9 299437
|
| 650 |
0 |
7 |
|a Thought and thinking
|2 SNKPHeng
|9 313886
|
| 650 |
0 |
7 |
|a Commune
|2 SNKPHeng
|9 370400
|
| 650 |
0 |
7 |
|a Theory of language
|2 SNKPHeng
|9 162243
|
| 655 |
|
7 |
|a monografie
|2 SNKPH
|9 70139
|
| 655 |
|
7 |
|a Monographs
|2 SNKPHeng
|9 120675
|
| 710 |
2 |
|
|a Katolícka univerzita v Ružomberku.
|b Verbum - vydavateľstvo KU
|4 pbl
|9 181960
|
| 852 |
|
|
|a Slovenská národná knižnica
|
| 919 |
|
|
|a 978-80-561-0838-3
|
| 954 |
|
|
|a odborná, vedecká literatúra pôvodná (slovenská)
|2 lita
|
| 958 |
|
|
|a NB
|
| 999 |
|
|
|c 955613
|d 957543
|
| 952 |
|
|
|a SNK
|b SNK
|y VYP
|7 0
|p 17A1490615
|o snkSC 196289 D1
|i snk2022/8110
|8 0
|0 0
|1 0
|4 0
|d 2022-05-18
|l 0
|r 2026-02-24 10:02:03
|w 2026-02-24
|
| 952 |
|
|
|a SNK
|b SNK
|y PREZ
|7 0
|p 17A1480340
|o snkSC 196289
|i snk2022/3862
|8 0
|0 0
|1 0
|4 0
|d 2022-03-14
|l 0
|r 2025-10-15 00:00:00
|w 2026-02-24
|